|
|
|
|
| LEADER |
02760cam a2200745 i 4500 |
| 001 |
nkc20193120500 |
| 003 |
CZ PrNK |
| 005 |
20250715101615.0 |
| 007 |
ta |
| 008 |
190618s2019 xr a f 000 0 cze d |
| 015 |
|
|
|a cnb003120500
|
| 020 |
|
|
|a 978-80-906629-7-1
|q (brožováno)
|
| 035 |
|
|
|a (OCoLC)1531362737
|
| 040 |
|
|
|a LID001
|b cze
|d OSA001
|d BOA001
|e rda
|
| 041 |
1 |
|
|a cze
|h eng
|
| 072 |
|
7 |
|a 159.92
|x Vývojová psychologie. Individuální psychologie
|2 Konspekt
|9 17
|
| 080 |
|
|
|a 159.922.7
|2 MRF
|
| 080 |
|
|
|a 612.648
|2 MRF
|
| 080 |
|
|
|a 612.647
|2 MRF
|
| 080 |
|
|
|a 159.928
|2 MRF
|
| 080 |
|
|
|a 159.922
|2 MRF
|
| 080 |
|
|
|a 316.77
|2 MRF
|
| 080 |
|
|
|a 612.821.8
|2 MRF
|
| 080 |
|
|
|a 159.93
|2 MRF
|
| 080 |
|
|
|a 165.242.1
|2 MRF
|
| 080 |
|
|
|a (048.8)
|2 MRF
|
| 100 |
1 |
|
|a Chamberlain, David B.
|q (David Barnes),
|d 1928-2014
|7 xx0082586
|4 aut
|
| 240 |
1 |
0 |
|a Mind of your newborn baby.
|l Česky
|
| 245 |
1 |
0 |
|a Fascinující mysl novorozeného dítěte /
|c David B. Chamberlain ; z anglického originálu The mind of your newborn baby ... přeložili Klára Hewitt, Julie Macháčková, Radek Suchý Grover
|
| 250 |
|
|
|a 2. vydání
|
| 264 |
|
1 |
|a Praha :
|b Kořeny,
|c 2019
|
| 300 |
|
|
|a 202 stran ;
|c 21 cm
|
| 336 |
|
|
|a text
|b txt
|2 rdacontent
|
| 337 |
|
|
|a bez média
|b n
|2 rdamedia
|
| 338 |
|
|
|a svazek
|b nc
|2 rdacarrier
|
| 500 |
|
|
|a Na hřbetu označení: 8
|
| 504 |
|
|
|a Obsahuje bibliografii
|
| 650 |
0 |
7 |
|a psychologie dítěte
|7 ph117256
|2 czenas
|
| 650 |
0 |
7 |
|a novorozenci
|7 ph123348
|2 czenas
|
| 650 |
0 |
7 |
|a prenatální vývoj člověka
|7 ph125290
|2 czenas
|
| 650 |
0 |
7 |
|a duševní schopnosti
|7 ph183306
|2 czenas
|
| 650 |
0 |
7 |
|a vědomí
|7 ph127380
|2 czenas
|
| 650 |
0 |
7 |
|a komunikace (sdělování)
|7 ph114956
|2 czenas
|
| 650 |
0 |
7 |
|a smyslové vnímání
|7 ph116195
|2 czenas
|
| 650 |
0 |
7 |
|a sebeuvědomování
|7 ph217729
|2 czenas
|
| 650 |
0 |
9 |
|a child psychology
|2 eczenas
|
| 650 |
0 |
9 |
|a newborns
|2 eczenas
|
| 650 |
0 |
9 |
|a human prenatal development
|2 eczenas
|
| 650 |
0 |
9 |
|a mental abilities
|2 eczenas
|
| 650 |
0 |
9 |
|a consciousness
|2 eczenas
|
| 650 |
0 |
9 |
|a human communication
|2 eczenas
|
| 650 |
0 |
9 |
|a senses and sensation
|2 eczenas
|
| 650 |
0 |
9 |
|a self-awareness
|2 eczenas
|
| 655 |
|
7 |
|a monografie
|7 fd132842
|2 czenas
|
| 655 |
|
9 |
|a monographs
|2 eczenas
|
| 700 |
1 |
|
|a Hewitt, Klára
|7 xx0169999
|4 trl
|
| 700 |
1 |
|
|a Macháčková, Julie
|7 xx0170029
|4 trl
|
| 700 |
1 |
|
|a Suchý Grover, Radek
|7 pna2010589070
|4 trl
|
| 910 |
2 |
|
|a BOA001
|b 2-1442.770
|
| 920 |
|
|
|a 000772146
|z OSA001
|
| 990 |
|
|
|a BK
|
| 995 |
|
|
|a 01
|
| 991 |
|
|
|b 202003
|c NOV
|
| 996 |
6 |
|
|b 2610817224
|c 2-1442.770
|l MZK
|r Sklad / do 1 hodiny
|n 3
|p p.v.
|w 001785569
|u 000010
|a 1
|e BOA001
|j MZK50
|s P
|
| 996 |
7 |
|
|b 2610822546
|c 2-1442.770
|l Vol.výběr
|r VV 0p
|n 19
|p kup
|h 159.92 CHA
|w 001785569
|u 000020
|a 0
|e BOA001
|j MZK50
|s A
|